| 000 | 02328nab a2200313 a 4500 | ||
|---|---|---|---|
| 005 | 20250930140006.0 | ||
| 008 | 991125c2015 sp fr p o 000 0 spa d | ||
| 035 | _aUPN01000207597 | ||
| 040 |
_aMX-MxUPN _bspa _cMX-MxUPN _eaacr2 |
||
| 049 | _aART-E | ||
| 100 | 1 | _aRodríguez Fernández, Arantzazu | |
| 100 | 1 | _aRamos Díaz, Estibaliz | |
| 100 | 1 | _uestibaliz.ramos@ehu.eus | |
| 100 | 1 | _aRos, Iker | |
| 100 | 1 | _aFernández Zabala, Arantza | |
| 245 | 1 | 0 | _aRelaciones de la resiliencia con el autoconcepto y el apoyo social percibido en una muestra de adolescentes |
| 506 | 0 | _aAcceso abierto | |
| 520 | 3 | _aEl estudio científico de la resiliencia constituye en la actualidad una temática de gran interés en el ámbito de la psicología al aportar una renovada y positiva visión del desarrollo humano. Determinar los factores individuales y contextuales que influyen sobre la resiliencia durante la etapa evolutiva de la adolescencia resulta esencial para promover el ajuste de los adolescentes. El objetivo de este trabajo fue, en primer lugar, explorar las relaciones de la resiliencia con el autoconcepto y el apoyo social percibido; y, en segundo lugar, identificar variables predictoras de la resiliencia. La muestra estaba configurada por 1.250 adolescentes (M = 13.72, DT = 1.09). Se administraron los siguientes instrumentos de evaluación: la Escala de Resiliencia de Connor y Davidson (CD-RISC), el Cuestionario Autoconcepto Dimensional (AUDIM), el Cuestionario de Apoyo Social Percibido de Familia y Amigos (AFA) y la Escala de Apoyo del Profesorado (HBSC-2006). Se hallaron correlaciones positivas de la resiliencia con el autoconcepto y el apoyo social percibido, así como una variación significativa en las puntuaciones de ambas variables en función de la resiliencia. El autoconcepto y el apoyo social percibido fueron identificados como predictores de la resiliencia. | |
| 650 | 2 |
_aResiliencia (Rasgo de la personalidad) _96115 |
|
| 650 | 2 |
_aAutopercepción _93822 |
|
| 650 | 0 |
_aAdolescentes _91014 |
|
| 650 | 2 |
_aPsicología positiva _914644 |
|
| 653 | 0 | _aApoyo social percibido | |
| 773 |
_gVol. 12, no. 1 (2015), p. 1-14 _tAcción psicológica _x2255-1271 |
||
| 856 | 4 | _uhttps://doi.org/10.5944/ap.12.2.14903 | |
| 902 | _aGloria Jiménez/300925 | ||
| 905 | _aArticulo | ||
| 942 | _cART-E | ||
| 999 |
_c179698 _d179698 |
||